Relative to soldiers' bounty. Letter from the Secretary of War transmitting a memorial of soldiers of the regular army, who were in service at the commencement of the late War, to be placed on the same footing with respect to bounties as soldiers who enlisted during the progress of the War.

Bibliographic Details
Corporate Authors: United States. Congress. House. Committee on Military Affairs, ProQuest (Firm), United States. War Department
Format: eBook
Language:English
Published: Washington : [publisher not identified], 1870.
Series:United States congressional serial set.
Subjects:
Online Access:Connect to the full text of this electronic book

MARC

Tag First Indicator Second Indicator Subfields
LEADER 00000cam a22000001a 4500
001 in00002931713
005 20190401171624.0
006 m o d
007 cr un mmmapmmp
008 060914s1870 dcu o f000 0 eng d
035 |a cis2004004474 
040 |a UMI  |c UMI  |d UtOrBLW 
043 |a n-us--- 
099 |a ProQuest Serial Set Number 1418 H.exdoc.191 
110 1 |a United States.  |b Congress.  |b House.  |b Committee on Military Affairs. 
245 1 0 |a Relative to soldiers' bounty. Letter from the Secretary of War transmitting a memorial of soldiers of the regular army, who were in service at the commencement of the late War, to be placed on the same footing with respect to bounties as soldiers who enlisted during the progress of the War. 
246 1 |a Memorial of soldiers of regular Army on bounties 
264 1 |a Washington :  |b [publisher not identified],  |c 1870. 
300 |a 1 online resource. 
336 |a text  |b txt  |2 rdacontent 
337 |a computer  |b c  |2 rdamedia 
338 |a online resource  |b cr  |2 rdacarrier 
490 0 |a H.exdoc.191 
500 |a Record is based on bibliographic data in ProQuest U.S. Serial Set Digital Collection (last viewed Sept. 2006). Reuse except for individual research requires license from ProQuest, LLC. 
510 3 |a ProQuest U.S. Serial Set Digital Collection 
500 |a Electronic resource. 
650 0 |a Armies. 
650 0 |a Military pensions. 
650 0 |a Soldiers. 
655 7 |a Electronic books.  |2 local 
710 2 |a ProQuest (Firm) 
710 1 |a United States.  |b War Department. 
830 0 |a United States congressional serial set. 
856 4 0 |u http://proxy.library.tamu.edu/login?url=http://congressional.proquest.com/congcomp/getdoc?SERIAL-SET-ID=1418+H.exdoc.191  |z Connect to the full text of this electronic book  |t 0 
999 |a MARS 
999 f f |s 1fae92ea-f5f7-373f-b9aa-6cc78c99dac4  |i b2c98a50-52d6-379f-b53f-ca4e9c414790  |t 0 
952 f f |a Texas A&M University  |b College Station  |c Electronic Resources  |d Available Online  |t 0  |e ProQuest Serial Set Number 1418 H.exdoc.191  |h Other scheme 
998 f f |a ProQuest Serial Set Number 1418 H.exdoc.191  |t 0  |l Available Online